| Tag |
First Indicator |
Second Indicator |
Subfields |
| LEADER |
00000cam a2200000 a 4500 |
| 001 |
in00000090744 |
| 005 |
20150923131037.0 |
| 008 |
800110s1979 dcu b 00010 eng d |
| 010 |
|
|
|a 79089252
|
| 020 |
|
|
|a 0819108138
|
| 035 |
|
|
|a (OCoLC)05862456
|
| 035 |
|
|
|9 AAK6583AM
|
| 040 |
|
|
|a VXI
|c VXI
|d UMK
|d OCL
|d TXA
|d UtOrBLW
|
| 049 |
|
|
|a TXAM
|c [1806067]
|
| 090 |
|
|
|a JF1351
|b .P3
|
| 092 |
|
|
|a 342.73
|b P 236
|
| 100 |
1 |
|
|a Park, Myung Soo.
|
| 245 |
1 |
0 |
|a Public policy :
|b emerging dimensions in public administration /
|c Myung Soo Park.
|
| 264 |
|
1 |
|a Washington, D.C. :
|b University Press of America,
|c [1979]
|
| 264 |
|
4 |
|c ©1979
|
| 300 |
|
|
|a iv, 148 pages ;
|c 23 cm.
|
| 336 |
|
|
|a text
|b txt
|2 rdacontent
|
| 337 |
|
|
|a unmediated
|b n
|2 rdamedia
|
| 338 |
|
|
|a volume
|b nc
|2 rdacarrier
|
| 504 |
|
|
|a Bibliography: pages 130-148.
|
| 650 |
|
0 |
|a Public policy (Law)
|z United States.
|
| 650 |
|
0 |
|a Public administration.
|
| 999 |
|
|
|a MARS
|
| 999 |
f |
f |
|s ac701cef-1c5f-3f72-8c49-f5fd8c29b0b4
|i 2ac5d351-fb84-33e9-84a0-f92436797264
|t 0
|
| 952 |
f |
f |
|p ric
|a Texas A&M University
|b Rellis Campus
|c Joint Library Facility
|d Remote Storage
|t 0
|e JF1351 .P3
|h Library of Congress classification
|i unmediated -- volume
|m A14806001514
|
| 998 |
f |
f |
|a JF1351 .P3
|t 0
|l Remote Storage
|